[Event "AUTO-INT-1307"]
[Site "http://www.queenalice.com/game.php?id=587639"]
[Date "2009.5.13"]
[Round "1"]
[White "Gaelle"]
[Black "rogervolei"]
[Result "0-1"]
[WhiteElo "1511"]
[BlackElo "1814"]

1. e4 e6 2. Bc4 a6 3. Qf3 g6 4. Nh3 h6 5. g4 g5 6. Nc3 b5 7. Nxb5 axb5 8. Bxb5
Bb7 9. d4 c6 10. Bc4 Bg7 11. d5 Na6 12. dxe6 dxe6 13. b3 Bxa1 14. c3 Bxc3+ 15.
Qxc3 Nf6 16. Ke2 Nc5 17. f3 Rxa2+ 18. Ke3 Qb6 19. Qxf6 Nd7+ 20. Qd4 Qxd4+ 21.
Kxd4 e5+ 22. Ke3 O-O 23. Rd1 Rd8 24. b4 Rxh2 25. Nf2 Kg7 26. Nd3 Nb6 27. Nxe5
Rxd1 28. Ba3 Ra1 29. Kd4 Rxa3 30. Nxf7 Rxf3 31. Nd8 Rd2+ 32. Kc5 Nd7# 0-1

[Event "AUTO-INT-1307"]
[Site "http://www.queenalice.com/game.php?id=587640"]
[Date "2009.5.13"]
[Round "1"]
[White "rogervolei"]
[Black "Gaelle"]
[Result "1-0"]
[WhiteElo "1732"]
[BlackElo "1504"]

1. e3 e5 2. a3 Nc6 3. b4 Nh6 4. h3 Qf6 5. Bb2 d5 6. c3 a5 7. Bb5 Nf5 8. g4 d4 9.
e4 Nd6 10. Bxc6+ bxc6 11. f3 Nc4 12. Bc1 g6 13. d3 Nxa3 14. Rxa3 c5 15. bxa5 Ba6
16. h4 c4 17. Bg5 Qd6 18. cxd4 cxd3 19. Qa4+ c6 20. Nc3 exd4 21. Nb1 Rb8 22. Rb3
Bb5 23. Qa2 f6 24. Bd2 Qg3+ 25. Kd1 Qg2 26. Rxb5 Rxb5 27. Qe6+ Be7 28. Qxc6+ Kf7
29. Qxb5 Qxh1 30. Qd5+ Kg7 31. Qxd4 Rb8 32. Nc3 Rd8 33. Qe3 Qxh4 34. Nd5 Kf7 35.
Qxd3 Qg3 36. Ne2 Qh2 37. Qc4 Qf2 38. f4 Ba3 39. Qc7+ Ke8 40. Nxf6+ Kf8 41. Nxh7+
Ke8 42. Nf6+ Kf8 43. Qxd8+ Kf7 44. e5 Qf1+ 45. Be1 Be7 46. Qe8+ Ke6 47. Nd4# 1-0

[Event "AUTO-INT-1307"]
[Site "http://www.queenalice.com/game.php?id=587641"]
[Date "2009.5.13"]
[Round "1"]
[White "Gaelle"]
[Black "chyco"]
[Result "0-1"]
[WhiteElo "1529"]
[BlackElo "1521"]

1. e4 e5 2. Bc4 a6 3. d3 d6 4. Nh3 b5 5. Bb3 Qf6 6. Bg5 Qg6 7. Bd5 c6 8. Bxc6+
Nxc6 9. Nc3 b4 10. Nd5 Ra7 11. Nb6 Bxh3 12. gxh3 Qxg5 13. Qg4 Qd8 14. c4 Qxb6
15. h4 Nd4 16. Rg1 Nf6 17. Qc8+ Qd8 18. Qxd8+ Kxd8 19. Rc1 Nf3+ 20. Ke2 Nxh2 21.
c5 dxc5 22. Rxc5 Bxc5 23. Rxg7 Rg8 24. Rg5 Rxg5 25. hxg5 Nfg4 26. f3 Nf2 27. a3
bxa3 28. bxa3 Nh3 29. g6 hxg6 30. a4 Nf4+ 31. Kd1 Rb7 32. Kc2 Nxf3 33. Kc3 g5
34. Kc4 Ba3 35. a5 g4 36. d4 g3 37. dxe5 g2 38. Kc3 g1=Q 39. Kc2 Qc1# 0-1

[Event "AUTO-INT-1307"]
[Site "http://www.queenalice.com/game.php?id=587642"]
[Date "2009.5.13"]
[Round "1"]
[White "chyco"]
[Black "Gaelle"]
[Result "1-0"]
[WhiteElo "1431"]
[BlackElo "1507"]

1. e4 e5 2. Qf3 f6 3. Qh5+ g6 4. Qf3 Nc6 5. Nc3 d5 6. Nxd5 Nd4 7. Qd3 c6 8. Ne3
Qa5 9. Nf3 f5 10. exf5 gxf5 11. g3 Nxf3+ 12. Kd1 Nf6 13. Be2 Nd4 14. Nc4 Qd5 15.
Rg1 Bh6 16. c3 Nxe2 17. Qxe2 Ne4 18. f3 b5 19. fxe4 fxe4 20. Na5 Rg8 21. Qh5+
Rg6 22. h3 b4 23. Nb3 Ba6 24. d4 e3 25. Re1 bxc3 26. bxc3 exd4 27. Qxd5 cxd5 28.
Nxd4 Rxg3 29. Nf5 Rxh3 30. Bxe3 Rd8 31. Bxh6+ Kf7 32. Be3 Kf6 33. Nd4 h5 34. Rg1
Rxe3 35. Rf1+ Bxf1 36. Kd2 Rd3+ 37. Kc2 Rc8 38. Rxf1+ Ke5 39. Kxd3 h4 40. Nf3+
Kf4 41. Nxh4+ Kg3 42. Nf5+ Kg2 43. Rf4 Rd8 44. Nd4 a5 45. a4 Kg3 46. Rf5 Kg4 47.
Rf6 Kg5 48. Ne6+ Kxf6 49. Nxd8 Ke5 50. Nc6+ Kd6 51. Nxa5 Kc5 52. Kc2 d4 53.
cxd4+ Kxd4 54. Kb3 Kc5 55. Nc4 Kc6 56. Kb4 Kb7 57. Kb5 Ka7 58. a5 Kb7 59. a6+
Ka7 60. Nd6 Ka8 61. Kb6 Kb8 62. Nb5 Ka8 63. Nc7+ Kb8 64. a7+ Kc8 65. a8=Q+ Kd7
66. Qe8+ Kd6 67. Qe6# 1-0

[Event "Challenge"]
[Site "http://www.queenalice.com/game.php?id=597101"]
[Date "2009.6.2"]
[Round "-"]
[White "Gaelle"]
[Black "crisvolei"]
[Result "0-1"]
[WhiteElo "1529"]
[BlackElo "1477"]

1. e4 e5 2. Qf3 f6 3. Nh3 g5 4. Bc4 Qe7 5. Nc3 Nc6 6. Nd5 Nd4 7. Qc3 Qc5 8. b4
Qd6 9. g4 c6 10. Ne3 Nf3+ 11. Ke2 Nd4+ 12. Kd1 b5 13. Nf5 Qxb4 14. Bb3 Nxb3 15.
axb3 Qxc3 16. dxc3 d5 17. exd5 cxd5 18. Ra5 a6 19. Ne3 Nh6 20. Nxd5 Bxg4+ 21. f3
Bxf3+ 22. Ke1 Bxd5 23. Rf1 Bg2 24. Ng1 Bxf1 25. Kxf1 Ng4 26. h3 Nh2+ 27. Kg2 g4
28. hxg4 Nxg4 29. c4 Bc5 30. cxb5 Be3 31. Ba3 Bb6 32. Ra4 Ne3+ 33. Kf3 Rg8 34.
Ne2 Nxc2 35. Bb4 Nxb4 36. Rxb4 a5 37. Rf4 exf4 38. Nxf4 O-O-O 39. Nh5 Rd3+ 40.
Ke4 Rxb3 41. Nxf6 Rb4+ 42. Kd5 Rxb5+ 43. Kc6 Rf5 44. Nxg8 Rc5+ 45. Kxb6 Rg5 46.
Nf6 h5 47. Ne4 Rd5 48. Nf6 Rd6+ 49. Kxa5 Rxf6 50. Kb4 h4 51. Kc3 h3 52. Kd4 h2
53. Ke5 Rf8 54. Ke6 h1=Q 55. Ke7 Rd8 56. Kf7 Qh6 57. Ke7 Rd7+ 58. Ke8 Qh8# 0-1

[Event "Challenge"]
[Site "http://www.queenalice.com/game.php?id=608005"]
[Date "2009.6.23"]
[Round "-"]
[White "mitchelli"]
[Black "Gaelle"]
[Result "0-1"]
[WhiteElo "1525"]
[BlackElo "1513"]

1. e4 e5 2. Qh5 Nf6 3. Qxe5+ Qe7 4. Nf3 Nc6 5. Qxc7 Nxe4 6. Be2 b6 7. Qg3 Nxg3
8. hxg3 Nb4 9. Nd4 Bb7 10. O-O Qe4 11. c3 Qxg2# 0-1

[Event "Challenge"]
[Site "http://www.queenalice.com/game.php?id=623024"]
[Date "2009.7.22"]
[Round "-"]
[White "mitchelli"]
[Black "Gaelle"]
[Result "1-0"]
[WhiteElo "1556"]
[BlackElo "1458"]

1. e4 e5 2. Nf3 Nh6 3. Nxe5 Qe7 4. d4 d6 5. Nd3 Qxe4+ 6. Be3 Bg4 7. Be2 Qxg2 8.
Kd2 Nd7 9. Rg1 Qxh2 10. Bxg4 Nf6 11. Bf4 Ne4+ 12. Ke3 Qh4 13. f3 Nf6 14. Bxh6
Qxh6+ 15. Ke2 Qh2+ 16. Nf2 Nh5 17. Rh1 Ng3+ 18. Ke3 Qg2 19. Bh3 Nf5+ 20. Ke2 Qg5
21. Bxf5 Qxf5 22. Nc3 O-O-O 23. Kd2 Re8 24. Re1 Qf4+ 25. Kd3 d5 26. Rxe8+ Kd7
27. Ra8 a6 28. Nxd5 Qf5+ 29. Kc4 b5+ 30. Kc3 Qxd5 31. Rxa6 b4+ 32. Kd3 Qb5+ 33.
Ke3 Qxa6 34. Ne4 Qh6+ 35. Kf2 Be7 36. a4 f5 37. Nc5+ Kc6 38. a5 Bh4+ 39. Ke2
Re8+ 40. Kd3 Qe3+ 41. Kc4 Qc3+ 42. bxc3 bxc3 43. f4 g5 44. fxg5 Bxg5 45. Qf3+
Kd6 46. a6 Re4 47. Nxe4+ fxe4 48. Qg3+ 1-0

[Event "Challenge"]
[Site "http://www.queenalice.com/game.php?id=623757"]
[Date "2009.7.24"]
[Round "-"]
[White "Corus"]
[Black "Gaelle"]
[Result "1-0"]
[WhiteElo "1788"]
[BlackElo "1495"]

1. e4 e5 2. Nf3 Nh6 3. Nxe5 Bc5 4. d4 Bb4+ 5. Bd2 Bxd2+ 6. Nxd2 d6 7. Nef3 c5 8.
d5 Qf6 9. c3 Nd7 10. Bb5 O-O 11. O-O Ne5 12. Re1 Bd7 13. Bxd7 Nxd7 14. Qa4 Ne5
15. Nxe5 Qxe5 16. Nf3 Qf4 17. h3 Rfe8 18. Qd7 b5 19. a4 bxa4 20. Rxa4 Re7 21.
Qxe7 f5 22. Qe6+ Nf7 23. Qd7 a5 24. Rea1 Rd8 25. Qc7 g5 26. Rxa5 Re8 27. Ra8
Qxe4 28. Rxe8+ Qxe8 29. Re1 Qd8 30. Qxd8+ Nxd8 31. Re8+ Kf7 32. Rxd8 h6 33. Rxd6
g4 34. Nh4 Ke7 35. Rc6 f4 36. hxg4 Kd7 37. Rxh6 c4 38. Nf5 Ke8 39. d6 Kd8 40.
Rh7 Kc8 41. d7+ 1-0

[Event "Challenge"]
[Site "http://www.queenalice.com/game.php?id=628625"]
[Date "2009.8.1"]
[Round "-"]
[White "Gaelle"]
[Black "chyco"]
[Result "1-0"]
[WhiteElo "1497"]
[BlackElo "1464"]

1. e4 e5 2. Qf3 f6 3. Nc3 c6 4. Bc4 Ne7 5. Nh3 b5 6. Bb3 Ng6 7. d3 Nh4 8. Qh5+
Ng6 9. g3 d6 10. f4 Qe7 11. f5 b4 12. Na4 Na6 13. fxg6 Kd8 14. gxh7 Bd7 15. Bc4
Be8 16. Qg4 Nc7 17. a3 Rxh7 18. Qf5 Rh5 19. Qg4 Qf7 20. Bxf7 Bxf7 21. Bd2 Ne6
22. Bxb4 Nd4 23. Ba5+ Ke8 24. Rc1 g5 25. Rf1 Ke7 26. Bb4 Rh6 27. Nxg5 fxg5 28.
Qxg5+ Ke8 29. Bxd6 Rxd6 30. Qxe5+ Kd7 31. Nc5+ Kc7 32. Rxf7+ Kb6 33. Rb7+ Ka5
34. b4# 1-0

[Event "Challenge"]
[Site "http://www.queenalice.com/game.php?id=634267"]
[Date "2009.8.11"]
[Round "-"]
[White "patrick"]
[Black "Gaelle"]
[Result "0-1"]
[WhiteElo "1483"]
[BlackElo "1488"]

1. e4 e5 2. Qf3 Nc6 3. Nh3 Nd4 4. Qf5 Nxf5 5. exf5 Nh6 6. Bc4 Nxf5 7. Ng5 Qxg5
8. h4 Qxg2 9. Rf1 Nd4 10. Bd3 Qf3 11. Nc3 d6 12. Be4 Qg4 13. f3 Qg3+ 14. Rf2 f5
15. Bd5 c6 16. Bc4 Nxc2+ 17. Ke2 Nxa1 18. h5 d5 19. Bd3 Bc5 20. Nd1 Bxf2 21.
Nxf2 Qg1 22. Nd1 e4 23. fxe4 fxe4 24. Bb1 Bg4# 0-1

[Event "Challenge"]
[Site "http://www.queenalice.com/game.php?id=641946"]
[Date "2009.8.25"]
[Round "-"]
[White "Gaelle"]
[Black "patrick"]
[Result "0-1"]
[WhiteElo "1512"]
[BlackElo "1487"]

1. e4 e6 2. Qf3 Nf6 3. Nc3 c5 4. e5 Ng8 5. Ne4 f5 6. Nd6+ Bxd6 7. exd6 Nc6 8. c3
Ne5 9. Qe3 Ng4 10. Qxc5 b6 11. Qb4 a5 12. Qa4 N8f6 13. f3 Ne5 14. f4 Neg4 15. h3
Nh6 16. Nf3 Nf7 17. b3 Nxd6 18. b4 Nfe4 19. Ne5 Ng3 20. Rg1 Nde4 21. Ba3 O-O 22.
bxa5 Rxa5 23. Qb4 Rd5 24. d3 Nc5 25. d4 Nce4 26. c4 Rxd4 27. Rd1 Rxd1+ 28. Kxd1
d6 29. Nc6 Qf6 30. Qxb6 Qa1+ 31. Kc2 Qc3+ 32. Kd1 Qd2# 0-1

[Event "Challenge"]
[Site "http://www.queenalice.com/game.php?id=643474"]
[Date "2009.8.28"]
[Round "-"]
[White "Gaelle"]
[Black "adevair"]
[Result "0-1"]
[WhiteElo "1491"]
[BlackElo "1506"]

1. e4 c5 2. Bc4 d6 3. Qf3 Nf6 4. g4 Bxg4 5. Qf4 e5 6. Nf3 exf4 7. Ng5 Bh5 8. d3
d5 9. Bxf4 dxc4 10. dxc4 Qd1# 0-1

[Event "Challenge"]
[Site "http://www.queenalice.com/game.php?id=645817"]
[Date "2009.9.2"]
[Round "-"]
[White "Gaelle"]
[Black "chyco"]
[Result "0-1"]
[WhiteElo "1475"]
[BlackElo "1577"]

1. e4 e5 2. g4 d6 3. c3 g5 4. Nh3 h6 5. Qf3 f6 6. Bc4 Ne7 7. Qxf6 Bxg4 8. Nxg5
hxg5 9. Qxh8 Bf3 10. Rg1 Nec6 11. Qg8 Qe7 12. Rxg5 Bxe4 13. d3 Bh7 14. Qh8 Kd7
15. Rh5 Bg7 16. Qxh7 Na5 17. Bg5 Qf8 18. Nd2 Nbc6 19. Ne4 Ne7 20. Bh6 Kc6 21.
Bxg7 Qf3 22. Ng3 b5 23. Be6 a6 24. d4 exd4 25. cxd4 Rf8 26. Rc1+ Kb7 27. Qc2
Nac6 28. d5 Rf4 29. dxc6+ Kb6 30. Rh8 Ng6 31. Qxg6 Qxf2+ 32. Kd1 Qg1+ 33. Kd2
Rf2+ 34. Kd3 Qxc1 35. Bd4+ Ka5 36. Bxf2 Qb1+ 37. Kd4 Qxg6 38. Be1+ Kb6 39. Rb8+
Kxc6 40. Bd5+ Kd7 41. Be4 Qf6+ 42. Kd5 c6# 0-1

[Event "Challenge"]
[Site "http://www.queenalice.com/game.php?id=649907"]
[Date "2009.9.9"]
[Round "-"]
[White "Gaelle"]
[Black "patrick"]
[Result "0-1"]
[WhiteElo "1491"]
[BlackElo "1501"]

1. e4 e5 2. d4 Qf6 3. f3 h5 4. dxe5 Qxe5 5. Nc3 g5 6. Nd5 c6 7. Nc3 g4 8. Be2
Nf6 9. g3 a5 10. f4 Qc5 11. e5 Nd5 12. Ne4 Qb4+ 13. Nd2 Na6 14. c3 Nxc3 15. bxc3
Qxc3 16. Rb1 d5 17. h3 d4 18. hxg4 Qe3 19. Nc4 Qxg3+ 20. Kf1 b5 21. Nb6 Nc5 22.
Nxa8 Ne4 23. Qxd4 Bc5 24. Qxe4 Qf2# 0-1

[Event "Challenge"]
[Site "http://www.queenalice.com/game.php?id=660358"]
[Date "2009.9.30"]
[Round "-"]
[White "patrick"]
[Black "Gaelle"]
[Result "1-0"]
[WhiteElo "1461"]
[BlackElo "1463"]

1. e4 e5 2. Nf3 Qf6 3. Qe2 Nc6 4. g3 Nd4 5. Qe3 Nxc2+ 6. Ke2 Nxe3 7. fxe3 b6 8.
Nc3 Ba6+ 9. Kf2 Nh6 10. b3 Ng4+ 11. Kg2 1-0

[Event "Challenge"]
[Site "http://www.queenalice.com/game.php?id=660754"]
[Date "2009.9.30"]
[Round "-"]
[White "ImpostorZ"]
[Black "Gaelle"]
[Result "1-0"]
[WhiteElo "1793"]
[BlackElo "1448"]

1. e4 e5 2. Nf3 Qf6 3. Bc4 Bc5 4. Nc3 Nc6 5. d3 Nd4 6. Nxd4 Bxd4 7. O-O d6 8.
Nd5 Qd8 9. c3 b5 10. Bb3 Bc5 11. Be3 c6 12. Bxc5 dxc5 13. Ne3 c4 14. dxc4 Nf6
15. Qxd8+ Kxd8 16. cxb5 cxb5 17. Bxf7 Nxe4 18. f4 Rf8 19. fxe5 Ke7 20. Bd5 Bb7
21. Bxb7 Nc5 22. Bxa8 Rxa8 23. Rf3 Ke6 24. Nf5 g6 25. Nh6 Kxe5 26. Re1+ Kd5 27.
Nf7 h6 28. Re5+ Kc4 29. Nd6# 1-0

[Event "Challenge"]
[Site "http://www.queenalice.com/game.php?id=666437"]
[Date "2009.10.12"]
[Round "-"]
[White "peambrosio"]
[Black "Gaelle"]
[Result "1-0"]
[WhiteElo "1245"]
[BlackElo "1448"]

1. Nc3 e5 2. e4 Qf6 3. f3 Bc5 4. Nge2 Nh6 5. Nd5 Qc6 6. Ng3 Na6 7. h4 f6 8. h5
O-O 9. Rh4 Qb5 10. Bxb5 c6 11. Bxa6 bxa6 12. Ne7+ Bxe7 13. Qe2 g5 14. Rg4 1-0